[Event "European Seniors Teams Ch."]
[Site "Olympus"]
[Date "2011.05.03"]
[Round "1"]
[Board "1"]
[White "Olesen, Poul Erik Norgaard"]
[Black "Tatai, Stefano"]
[Result "0-1"]
[WhiteElo "2076"]
[BlackElo "2361"]
[PlyCount "106"]
[EventDate "2011.05.03"]
[EventType "team"]
[EventRounds "9"]
[EventCountry "GRE"]
[WhiteTeam "Denmark 2"]
[BlackTeam "Italy"]

1.e4 c5 2.Nf3 d6 3.d4 cxd4 4.Nxd4 Nf6 5.Nc3 a6 6.a4 Nbd7 7.Nb3 b6 8.Be2 Bb7 9.f3
e6 10.Be3 Be7 11.O-O O-O 12.Qe1 Qc7 13.Qf2 Rfe8 14.g4 Nc5 15.Rfd1 Nfd7 16.Nd4
Nf8 17.Bf1 g6 18.Bg2 Rac8 19.f4 e5 20.Nde2 Ncd7 21.Rf1 Bd8 22.f5 g5 23.h4 h6
24.Bf3 Nh7 25.Kg2 d5 26.exd5 Ndf6 27.Ng3 gxh4 28.Nge4 Nxe4 29.Nxe4 Bxd5 30.f6
Qc6 31.Qxh4 Bxe4 32.g5 Bxf3+ 33.Rxf3 hxg5 34.Bxg5 Bxf6 35.Bxf6 Nxf6 36.Qxf6 Qxf6
37.Rxf6 Rxc2+ 38.Kf3 Rxb2 39.a5 e4+ 40.Ke3 Rb3+ 41.Ke2 bxa5 42.Rxa6 Rc8 43.Rg1+
Kf8 44.Rxa5 Rc2+ 45.Kd1 Rf2 46.Rc5 Rb1+ 47.Rc1 Rxc1+ 48.Kxc1 f5 49.Kd1 Kf7
50.Ke1 e3 51.Rg3 f4 52.Rg5 Kf6 53.Rg8 Kf5 0-1

[Event "European Seniors Teams Ch."]
[Site "Olympus"]
[Date "2011.05.03"]
[Round "1"]
[Board "2"]
[White "Mariotti, Sergio"]
[Black "Nielsen, Poul Erik"]
[Result "1/2-1/2"]
[WhiteElo "2329"]
[BlackElo "2100"]
[PlyCount "76"]
[EventDate "2011.05.03"]
[EventType "team"]
[EventRounds "9"]
[EventCountry "GRE"]
[WhiteTeam "Italy"]
[BlackTeam "Denmark 2"]

1.c4 Nf6 2.Nc3 d5 3.d4 c6 4.cxd5 cxd5 5.Nf3 g6 6.Bf4 Nc6 7.e3 Bg7 8.h3 O-O 9.Bd3
a6 10.Rc1 b5 11.O-O Bb7 12.Ne5 Nxe5 13.Bxe5 Ne8 14.Bxg7 Kxg7 15.Qb3 e6 16.a4 Nd6
17.axb5 axb5 18.Qb4 Qb6 19.b3 Rfd8 20.Ra1 Rxa1 21.Rxa1 Bc6 22.Qc5 Qxc5 23.dxc5
Nb7 24.b4 d4 25.Be4 dxc3 26.Bxc6 c2 27.Bf3 Nxc5 28.Rc1 Nd3 29.Rxc2 Rb8 30.Be2
Nxb4 31.Rb2 Nd5 32.Rxb5 Rxb5 33.Bxb5 f5 34.Bc4 Nc7 35.f4 Kf6 36.Kf2 Ne8 37.Kf3
Nd6 38.Bd3 e5 1/2-1/2

[Event "European Seniors Teams Ch."]
[Site "Olympus"]
[Date "2011.05.03"]
[Round "1"]
[Board "3"]
[White "Rasmussen, Lars-Bo"]
[Black "Micheli, Carlo"]
[Result "0-1"]
[WhiteElo "2060"]
[BlackElo "2258"]
[PlyCount "108"]
[EventDate "2011.05.03"]
[EventType "team"]
[EventRounds "9"]
[EventCountry "GRE"]
[WhiteTeam "Denmark 2"]
[BlackTeam "Italy"]

1.d4 d6 2.c4 e5 3.e3 Nd7 4.Nc3 g6 5.b3 Bg7 6.Bb2 Nh6 7.Nf3 O-O 8.Be2 f5 9.Qc2 f4
10.exf4 exd4 11.Nb5 Nc5 12.Nbxd4 Rxf4 13.O-O a5 14.a3 Bd7 15.Rac1 g5 16.g3 Rf8
17.b4 axb4 18.axb4 Na4 19.Ba1 Bf6 20.Bd3 Qe7 21.Nd2 Qg7 22.N4b3 Ng4 23.Be2 Rae8
24.Ne4 Bxa1 25.Rxa1 Ne5 26.Nbd2 Ra8 27.f3 h5 28.Nb3 Bh3 29.Rf2 Bf5 30.Rff1 Bh3
31.Rf2 Nb6 32.Rc1 Ra3 33.Qc3 Be6 34.Ned2 d5 35.c5 Nbc4 36.Qd4 Nxd2 37.Nxd2 Nc6
38.Qxg7+ Kxg7 39.f4 gxf4 40.gxf4 Kh6 41.b5 Nd4 42.Bf1 h4 43.Nb1 Rf3 44.Rxf3
Nxf3+ 45.Kg2 Rxf4 46.Be2 Nd4 47.Nc3 Nf5 48.Bf3 h3+ 49.Kf2 Nh4 50.Kg3 Kg5 51.Rf1
Rc4 52.Ne2 Rxc5 53.Ng1 Rxb5 54.Nxh3+ Bxh3 0-1

[Event "European Seniors Teams Ch."]
[Site "Olympus"]
[Date "2011.05.03"]
[Round "1"]
[Board "1"]
[White "Sorensen, Bent"]
[Black "Skalkotas, Nikolaos"]
[Result "1-0"]
[WhiteElo "2343"]
[BlackElo "2183"]
[PlyCount "57"]
[EventDate "2011.05.03"]
[EventType "team"]
[EventRounds "9"]
[EventCountry "GRE"]
[WhiteTeam "Denmark 1"]
[BlackTeam "Greece"]

1.Nf3 Nf6 2.g3 b6 3.Bg2 Bb7 4.O-O g6 5.b3 Bg7 6.Bb2 O-O 7.d3 c5 8.e4 d5 9.e5 Ne8
10.d4 cxd4 11.e6 fxe6 12.Nxd4 Nc7 13.Re1 e5 14.Nf3 d4 15.Nbd2 Nd7 16.Nc4 b5
17.Na5 Bd5 18.c4 Ne8 19.cxd5 Qxa5 20.Ng5 Nd6 21.Ne6 Bh6 22.f4 exf4 23.Qxd4 Qb6
24.Nxf8 Kxf8 25.Bh3 Ke8 26.Re6 fxg3 27.Rae1 Qxd4+ 28.Bxd4 gxh2+ 29.Kh1 1-0

[Event "European Seniors Teams Ch."]
[Site "Olympus"]
[Date "2011.05.03"]
[Round "1"]
[Board "2"]
[White "Tsomis, Dimitrios"]
[Black "Sloth, Jorn"]
[Result "0-1"]
[WhiteElo "2187"]
[BlackElo "2310"]
[PlyCount "114"]
[EventDate "2011.05.03"]
[EventType "team"]
[EventRounds "9"]
[EventCountry "GRE"]
[WhiteTeam "Greece"]
[BlackTeam "Denmark 1"]

1.e4 c5 2.Nf3 Nc6 3.d4 cxd4 4.Nxd4 g6 5.Nxc6 bxc6 6.Qd4 Nf6 7.e5 Nd5 8.e6 Nf6
9.exd7+ Qxd7 10.Be3 Bg7 11.Nc3 O-O 12.Qxd7 Nxd7 13.O-O-O Nb6 14.Bd4 Bxd4 15.Rxd4
c5 16.Rd2 Bb7 17.f3 Rfd8 18.Rxd8+ Rxd8 19.Be2 Kg7 20.Rd1 Rxd1+ 21.Kxd1 g5 22.Kd2
f5 23.Nb5 a5 24.c4 Kf6 25.g3 Ke5 26.b3 Bc6 27.Na3 f4 28.g4 Kd6 29.Nc2 Nd7 30.Ne1
Ne5 31.Bd1 h6 32.h3 Bb7 33.a3 Nc6 34.Kc3 e5 35.Kd2 Nd4 36.Kd3 Bc6 37.Kc3 e4
38.fxe4 Bxe4 39.Kd2 Ke5 40.Nd3+ Bxd3 41.Kxd3 f3 42.Ke3 f2 43.Kxf2 Ke4 44.Ke1 Kd3
45.b4 axb4 46.axb4 cxb4 47.c5 Kc4 48.Kd2 b3 49.c6 Nxc6 50.Ke3 Nd4 51.Bxb3+ Nxb3
52.Ke4 Nd4 53.Ke5 Kd3 54.Kf6 Ke4 55.Kg6 Kf4 56.Kxh6 Nf3 57.Kh5 Kg3 0-1

[Event "European Seniors Teams Ch."]
[Site "Olympus"]
[Date "2011.05.03"]
[Round "1"]
[Board "3"]
[White "Brinck-Claussen, Bjorn"]
[Black "Aftsoglou, Ioannis"]
[Result "1-0"]
[WhiteElo "2271"]
[BlackElo "2168"]
[PlyCount "119"]
[EventDate "2011.05.03"]
[EventType "team"]
[EventRounds "9"]
[EventCountry "GRE"]
[WhiteTeam "Denmark 1"]
[BlackTeam "Greece"]

1.e4 e5 2.Nf3 Qe7 3.Bc4 d6 4.O-O h6 5.c3 c6 6.d4 Nd7 7.Nbd2 Nb6 8.Bb3 Qc7 9.a4
a5 10.Re1 Be7 11.Nf1 g6 12.Ne3 Kf8 13.Nd2 Nf6 14.Qf3 Kg7 15.Ndf1 Bd7 16.h3 Raf8
17.Ng3 Rh7 18.Bd2 Be6 19.Bc2 c5 20.d5 Bd7 21.b4 Ra8 22.bxa5 Rxa5 23.c4 Ra7 24.a5
Nc8 25.Ba4 Bd8 26.Reb1 Ne7 27.Bxd7 Qxd7 28.Qd1 Bc7 29.Rb5 Rh8 30.Bc3 h5 31.Qb1
Qc8 32.Ngf1 Nh7 33.Nd2 f6 34.Qf1 Ng5 35.Rab1 Nf7 36.R1b2 Re8 37.Qb1 Nd8 38.Nb3
Bb8 39.Nc1 Ng8 40.Nd3 Nh6 41.f4 Nhf7 42.Rf2 Qd7 43.Qd1 exf4 44.Nxf4 Ne5 45.Nxh5+
gxh5 46.Qxh5 Rh8 47.Nf5+ Kg8 48.Nh6+ Kg7 49.Rxf6 Kxf6 50.Bxe5+ dxe5 51.Rb6+ Nc6
52.Ng4+ Kg7 53.Qg5+ Kf8 54.dxc6 Qd4+ 55.Kh1 Rxa5 56.Qf5+ Ke8 57.Qe6+ Kd8 58.Qf6+
Kc8 59.Qxh8+ Qd8 60.cxb7+ 1-0

[Event "European Seniors Teams Ch."]
[Site "Olympus"]
[Date "2011.05.03"]
[Round "1"]
[Board "4"]
[White "Efkarpidis, Stylianos"]
[Black "Jorgensen, Jorgen"]
[Result "0-1"]
[WhiteElo "1600"]
[BlackElo "2221"]
[PlyCount "72"]
[EventDate "2011.05.03"]
[EventType "team"]
[EventRounds "9"]
[EventCountry "GRE"]
[WhiteTeam "Greece"]
[BlackTeam "Denmark 1"]

1.e4 Nf6 2.Nc3 d5 3.exd5 Nxd5 4.Bc4 e6 5.d3 Be7 6.Bd2 O-O 7.Nf3 Nc6 8.a3 Bf6
9.Qe2 a6 10.O-O b5 11.Ba2 Bb7 12.Rab1 Nxc3 13.bxc3 Qd6 14.a4 Rfb8 15.axb5 axb5
16.Bb3 Na5 17.Ba2 Qa3 18.Bxe6 Qe7 19.Bxf7+ Kxf7 20.Qxe7+ Kxe7 21.Rfe1+ Kf7
22.Rxb5 Bxf3 23.Rxb8 Rxb8 24.gxf3 Rb2 25.c4 Nc6 26.Bf4 Nd4 27.Kg2 Ne6 28.Be5
Rxc2 29.Bxf6 Kxf6 30.Kg3 Rd2 31.Re3 Nc5 32.d4 Rxd4 33.Rc3 Rd3 34.Rc1 Ne4+ 35.Kf4
Ng5 36.h4 Ne6+ 0-1

[Event "European Seniors Teams Ch."]
[Site "Olympus"]
[Date "2011.05.03"]
[Round "1"]
[Board "1"]
[White "Pekun, Cem"]
[Black "Bachmann, Karlheinz"]
[Result "1-0"]
[WhiteElo "2151"]
[BlackElo "2282"]
[PlyCount "37"]
[EventDate "2011.05.03"]
[EventType "team"]
[EventRounds "9"]
[EventCountry "GRE"]
[WhiteTeam "Turkey"]
[BlackTeam "Sportfreunde, Katernberg"]

1.d4 d5 2.c4 dxc4 3.e4 e5 4.Nf3 exd4 5.Bxc4 Bb4+ 6.Nbd2 Nc6 7.O-O Be6 8.Bxe6
fxe6 9.Qb3 Qd7 10.Nc4 O-O-O 11.Nce5 Nxe5 12.Nxe5 Qe7 13.Nd3 Ba5 14.Bf4 Nh6
15.Rfc1 Nf7 16.Qb5 Bb6 17.a4 e5 18.a5 Nd6 19.Qxe5 1-0

[Event "European Seniors Teams Ch."]
[Site "Olympus"]
[Date "2011.05.03"]
[Round "1"]
[Board "2"]
[White "Nautsch, Werner"]
[Black "Muratoglu, Salih"]
[Result "0-1"]
[WhiteElo "2243"]
[BlackElo "2068"]
[PlyCount "140"]
[EventDate "2011.05.03"]
[EventType "team"]
[EventRounds "9"]
[EventCountry "GRE"]
[WhiteTeam "Sportfreunde, Katernberg"]
[BlackTeam "Turkey"]

1.d4 Nf6 2.c4 g6 3.Nc3 Bg7 4.e4 d6 5.h3 Nc6 6.Be3 O-O 7.Qd2 e5 8.d5 Ne7 9.O-O-O
Nxe4 10.Nxe4 f5 11.f3 fxe4 12.fxe4 c6 13.dxc6 bxc6 14.Nf3 Rf6 15.Bc5 Qf8 16.Be3
Bb7 17.Kb1 c5 18.Bd3 Nc6 19.h4 Nb4 20.a3 Nxd3 21.Qxd3 Rxf3 22.gxf3 Qxf3 23.Rhf1
Bxe4 24.Rxf3 Bxd3+ 25.Rxd3 e4 26.Bg5 exf3 27.Rxf3 Re8 28.Rb3 h6 29.Bf4 Bf8
30.Rb7 Re4 31.Bg3 Rg4 32.Bf2 a5 33.Ra7 Bg7 34.Rxa5 Rg2 35.Be3 Rxb2+ 36.Kc1 Rh2
37.Ra8+ Kf7 38.Ra7+ Kf6 39.Bd2 Bf8 40.a4 Rxh4 41.a5 Rxc4+ 42.Kb2 d5 43.Kb3 Re4
44.a6 c4+ 45.Kc2 Bc5 46.Rc7 Bg1 47.Bxh6 Re2+ 48.Kb1 Re6 49.a7 Re8 50.Bg7+ Ke6
51.Rc6+ Kd7 52.Ra6 Ra8 53.Be5 Rxa7 54.Rd6+ Ke7 55.Rxg6 Bc5 56.Bd6+ Bxd6 57.Rg7+
Ke6 58.Rxa7 d4 59.Ra5 d3 60.Ra8 Kd5 61.Rc8 Be5 62.Kc1 c3 63.Kd1 Bd4 64.Rd8+ Kc4
65.Rc8+ Bc5 66.Kc1 Kd4 67.Rd8+ Ke4 68.Re8+ Kf3 69.Rc8 Bd4 70.Rf8+ Ke2 0-1

[Event "European Seniors Teams Ch."]
[Site "Olympus"]
[Date "2011.05.03"]
[Round "1"]
[Board "3"]
[White "Ozbilen, Hayri"]
[Black "Neese, Hans-Joachim"]
[Result "0-1"]
[WhiteElo "2059"]
[BlackElo "2234"]
[PlyCount "88"]
[EventDate "2011.05.03"]
[EventType "team"]
[EventRounds "9"]
[EventCountry "GRE"]
[WhiteTeam "Turkey"]
[BlackTeam "Sportfreunde, Katernberg"]

1.e4 c5 2.f4 Nc6 3.Nc3 g6 4.Bc4 Bg7 5.d3 d6 6.Nf3 Nf6 7.Be3 Bd7 8.Qe2 O-O 9.h3
a6 10.a4 Na5 11.Ba2 Rc8 12.Qf2 b6 13.g4 e6 14.Qh4 Ne8 15.Qg3 Nc6 16.h4 Nd4
17.Kd2 b5 18.Bxd4 cxd4 19.Ne2 Qa5+ 20.Kc1 Qxa4 21.Ne1 b4 22.Kb1 Qc6 23.Bc4 Ra8
24.h5 d5 25.exd5 exd5 26.Bb3 Qe6 27.Qf3 Qxg4 28.hxg6 hxg6 29.Qf2 Nc7 30.Nf3 Rfe8
31.Ka2 a5 32.Rag1 Qf5 33.Kb1 a4 34.Ba2 b3 35.Nexd4 bxa2+ 36.Kxa2 Qxf4 37.Qg2
Bxd4 38.Rh4 Qf6 39.Rxd4 Re3 40.Ng5 Qxd4 41.Qh2 Bh3 42.Qxc7 Qf6 43.Qh2 a3 44.bxa3
Qe7 0-1

[Event "European Seniors Teams Ch."]
[Site "Olympus"]
[Date "2011.05.03"]
[Round "1"]
[Board "4"]
[White "Armbruester, Juergen"]
[Black "Bapoglu, Ibrahim"]
[Result "0-1"]
[WhiteElo "1600"]
[BlackElo "1828"]
[PlyCount "90"]
[EventDate "2011.05.03"]
[EventType "team"]
[EventRounds "9"]
[EventCountry "GRE"]
[WhiteTeam "Sportfreunde, Katernberg"]
[BlackTeam "Turkey"]

1.e4 c5 2.Nf3 d6 3.d4 cxd4 4.Nxd4 Nf6 5.Nc3 a6 6.Be2 e5 7.Nb3 Be6 8.O-O Be7 9.f4
Qc7 10.f5 Bc4 11.Bg5 Nbd7 12.Kh1 Rc8 13.Nd2 Bxe2 14.Qxe2 b5 15.a3 O-O 16.Rac1
Nb6 17.Ncb1 h6 18.Bh4 Nc4 19.b3 Nxd2 20.Nxd2 Qc3 21.Nf3 Rc7 22.Rfd1 Rd8 23.Be1
Qc6 24.Ba5 Nxe4 25.c4 Rdc8 26.Bxc7 Rxc7 27.Rc2 Nf6 28.Rdc1 Qd7 29.cxb5 Rxc2
30.Qxc2 Qxb5 31.Qc4 Qa5 32.a4 e4 33.Nd4 Qd2 34.Qc3 Qf4 35.Re1 d5 36.Qc1 Qh4
37.g3 Qh5 38.Kg2 Ng4 39.h3 Ne5 40.Qd1 Qg5 41.h4 Qf6 42.Rf1 Bc5 43.Ne2 Nd3 44.Nf4
Qb2+ 45.Qe2 Nxf4+ 0-1

[Event "European Seniors Teams Ch."]
[Site "Olympus"]
[Date "2011.05.03"]
[Round "1"]
[Board "1"]
[White "Rodriguez Vargas, Orestes"]
[Black "Stimpson, Philip M"]
[Result "0-1"]
[WhiteElo "2405"]
[BlackElo "2095"]
[PlyCount "72"]
[EventDate "2011.05.03"]
[EventType "team"]
[EventRounds "9"]
[EventCountry "GRE"]
[WhiteTeam "Catalonia"]
[BlackTeam "England 3"]

1.d4 Nf6 2.c4 e6 3.Nf3 Bb4+ 4.Nbd2 b6 5.a3 Bxd2+ 6.Qxd2 Ne4 7.Qd3 Bb7 8.g3 f5
9.Bg2 Nc6 10.O-O O-O 11.b4 a5 12.b5 Ne7 13.Bb2 Ng6 14.Rac1 Rc8 15.Rc2 d6 16.Ne1
Qe7 17.f3 Nf6 18.e4 f4 19.Bh3 Rce8 20.c5 fxg3 21.hxg3 Nh5 22.f4 Ngxf4 23.gxf4
Nxf4 24.Rxf4 Rxf4 25.c6 Bc8 26.e5 Ref8 27.Bc1 Qh4 28.Ng2 Rxd4 29.Qe3 Qe4 30.Re2
Rd1+ 31.Kh2 Qxe3 32.Bxe3 d5 33.Nf4 d4 34.Bxe6+ Bxe6 35.Nxe6 dxe3 36.Rxe3 Rf7 {45
moves} 0-1

[Event "European Seniors Teams Ch."]
[Site "Olympus"]
[Date "2011.05.03"]
[Round "1"]
[Board "2"]
[White "Farrand, Julian T"]
[Black "Simon Padros, Emili"]
[Result "0-1"]
[WhiteElo "2086"]
[BlackElo "2281"]
[PlyCount "56"]
[EventDate "2011.05.03"]
[EventType "team"]
[EventRounds "9"]
[EventCountry "GRE"]
[WhiteTeam "England 3"]
[BlackTeam "Catalonia"]

1.d4 e6 2.e4 d5 3.Nc3 Bb4 4.exd5 exd5 5.Bd3 Nc6 6.Nge2 Nf6 7.O-O O-O 8.Bg5 Be7
9.h3 Nb4 10.Ng3 h6 11.Be3 Nxd3 12.Qxd3 Re8 13.Rae1 Bf8 14.Bf4 Rxe1 15.Rxe1 c6
16.Nd1 Be6 17.Be5 Nd7 18.f4 f6 19.f5 Bf7 20.Bf4 Qa5 21.Nc3 b5 22.Ra1 b4 23.Nce2
c5 24.Kh1 Re8 25.Bd2 cxd4 26.Nxd4 Ne5 27.Qb3 Qb6 28.Be3 Nc4 {64 moves} 0-1

[Event "European Seniors Teams Ch."]
[Site "Olympus"]
[Date "2011.05.03"]
[Round "1"]
[Board "3"]
[White "Coll Enriquez, Lluis"]
[Black "Edwards, Ray B"]
[Result "1-0"]
[WhiteElo "2182"]
[BlackElo "2017"]
[PlyCount "70"]
[EventDate "2011.05.03"]
[EventType "team"]
[EventRounds "9"]
[EventCountry "GRE"]
[WhiteTeam "Catalonia"]
[BlackTeam "England 3"]

1.e4 c6 2.Nf3 d5 3.exd5 cxd5 4.Ne5 Nf6 5.d4 e6 6.Bd3 Nc6 7.c3 Bd6 8.Qe2 Qc7
9.Bf4 O-O 10.Nd2 Bd7 11.Ndf3 Ne7 12.O-O Ng6 13.Nxg6 hxg6 14.Bxd6 Qxd6 15.Ne5 Bc6
16.Rae1 Rae8 17.f4 a6 18.Rf3 Bb5 19.Bxb5 axb5 20.Qxb5 Qa6 21.Qxa6 bxa6 22.Nd3
Rb8 23.Re2 Rb6 24.Nc5 a5 25.a3 Ra8 26.b4 a4 27.h3 Ne8 28.g4 Nd6 29.Kg2 Ra7 30.h4
Rb8 31.Rh3 Rd8 32.Ra2 Rb8 33.Kf2 Rd8 34.Ke2 Rb8 35.Kd3 Nc4 {47 moves} 1-0

[Event "European Seniors Teams Ch."]
[Site "Olympus"]
[Date "2011.05.03"]
[Round "1"]
[Board "4"]
[White "Wood, Peter C"]
[Black "Lluverol Torrents, Salvador"]
[Result "1-0"]
[WhiteElo "1879"]
[BlackElo "2025"]
[PlyCount "60"]
[EventDate "2011.05.03"]
[EventType "team"]
[EventRounds "9"]
[EventCountry "GRE"]
[WhiteTeam "England 3"]
[BlackTeam "Catalonia"]

1.Nf3 d5 2.d4 Nf6 3.c4 c6 4.Nc3 e6 5.Qb3 Nbd7 6.Bf4 dxc4 7.Qxc4 Nb6 8.Qb3 Nbd5
9.Bg3 Bb4 10.Nd2 Qb6 11.e3 Bxc3 12.bxc3 Qxb3 13.axb3 Nxc3 14.Nc4 Nfe4 15.Nb6
Nxg3 16.hxg3 Rb8 17.Rxa7 Kd8 18.Bd3 Kc7 19.Nc4 Nb5 20.Ra2 h6 21.O-O f6 22.Rc1
Nd6 23.Nd2 Bd7 24.Rca1 Rhd8 25.f4 Be8 26.Ra5 Bd7 27.b4 b6 28.Ra7+ Rb7 29.Rxb7+
Kxb7 30.Ne4 Ra8 1-0

[Event "European Seniors Teams Ch."]
[Site "Olympus"]
[Date "2011.05.03"]
[Round "1"]
[Board "1"]
[White "Niebuhr, Gerd"]
[Black "Vucenovic, Dragomir"]
[Result "1/2-1/2"]
[WhiteElo "2067"]
[BlackElo "2249"]
[PlyCount "81"]
[EventDate "2011.05.03"]
[EventType "team"]
[EventRounds "9"]
[EventCountry "GRE"]
[WhiteTeam "Freibauer"]
[BlackTeam "Switzerland"]

1.d4 Nf6 2.c4 b6 3.Nc3 Bb7 4.Nf3 d6 5.d5 e5 6.e4 Be7 7.Be2 a5 8.O-O O-O 9.Ne1
Nbd7 10.Nd3 Nc5 11.Nxc5 bxc5 12.g3 Nd7 13.Bg4 Nb6 14.b3 Bf6 15.Be3 Bc8 16.Bxc8
Nxc8 17.Qd2 Ne7 18.Rae1 Qd7 19.Bg5 Bxg5 20.Qxg5 h6 21.Qh5 Kh7 22.f4 g6 23.Qf3
exf4 24.gxf4 f6 25.Kh1 Rf7 26.Re2 Rg8 27.Qd3 Rgg7 28.Ref2 Kg8 29.e5 Qf5 30.Qxf5
Nxf5 31.Ne4 fxe5 32.fxe5 dxe5 33.Nxc5 Re7 34.Ne4 Rgf7 35.Re1 Kg7 36.Kg2 g5
37.Nc5 Nh4+ 38.Kg3 Nf5+ 39.Kg2 Nh4+ 40.Kg3 Nf5+ 41.Kg2 1/2-1/2

[Event "European Seniors Teams Ch."]
[Site "Olympus"]
[Date "2011.05.03"]
[Round "1"]
[Board "2"]
[White "Bhend, Edwin"]
[Black "Juergens, Peter"]
[Result "1-0"]
[WhiteElo "2257"]
[BlackElo "2012"]
[PlyCount "79"]
[EventDate "2011.05.03"]
[EventType "team"]
[EventRounds "9"]
[EventCountry "GRE"]
[WhiteTeam "Switzerland"]
[BlackTeam "Freibauer"]

1.e4 e6 2.d4 d5 3.Nc3 Bb4 4.a3 Bxc3+ 5.bxc3 Ne7 6.Bd3 c5 7.exd5 exd5 8.dxc5 Nd7
9.Nf3 O-O 10.O-O Nxc5 11.Nd4 Nxd3 12.Qxd3 Nc6 13.f4 Qf6 14.Be3 Nxd4 15.Bxd4 Qf5
16.Qd2 Bd7 17.Rae1 Ba4 18.Rf2 Rfe8 19.Re5 Rxe5 20.fxe5 Qg6 21.h3 a6 22.Qe2 Qe4
23.Qd1 Re8 24.Re2 Qf5 25.Qd3 Qxd3 26.cxd3 Re6 27.Kf2 h5 28.h4 Kh7 29.Re3 g6
30.Rf3 Kg8 31.Ke3 Be8 32.g3 b5 33.Rf6 Bd7 34.Rxe6 fxe6 35.Ba7 a5 36.Kd4 Kf7
37.Kc5 Ke7 38.Kb6 a4 39.Kc7 Be8 40.Bc5+ 1-0

[Event "European Seniors Teams Ch."]
[Site "Olympus"]
[Date "2011.05.03"]
[Round "1"]
[Board "3"]
[White "Hellwege, Werner"]
[Black "Hohler, Peter"]
[Result "1/2-1/2"]
[WhiteElo "2009"]
[BlackElo "2157"]
[PlyCount "138"]
[EventDate "2011.05.03"]
[EventType "team"]
[EventRounds "9"]
[EventCountry "GRE"]
[WhiteTeam "Freibauer"]
[BlackTeam "Switzerland"]

1.d4 Nf6 2.Nf3 e6 3.g3 b5 4.Bg2 Bb7 5.O-O c5 6.e3 Be7 7.dxc5 Bxc5 8.b3 O-O 9.Bb2
d5 10.Ne5 Qc7 11.a4 b4 12.c3 Nc6 13.Nxc6 Bxc6 14.cxb4 Bxb4 15.Nc3 Rab8 16.Rc1
Rfc8 17.Qd3 Qb7 18.Ne2 Be7 19.Be5 Ra8 20.Nd4 Be8 21.Ne2 Nd7 22.Bd4 Rxc1 23.Rxc1
Rb8 24.Qc3 f6 25.Qc7 Qxc7 26.Rxc7 Rxb3 27.Bxa7 Ra3 28.Nd4 Ra1+ 29.Bf1 Kf7 30.Kg2
e5 31.Nf5 Bf8 32.Bb5 Ke6 33.g4 g6 34.Rc6+ Kf7 35.Nd6+ Bxd6 36.Rxd6 Nf8 37.Bc5
Rc1 38.Bxe8+ Kxe8 39.Rxd5 Ra1 40.Bxf8 Kxf8 41.Rd8+ Ke7 42.Ra8 Ke6 43.a5 Kd5
44.Kf3 Rc1 45.a6 Rc7 46.Rb8 f5 47.gxf5 gxf5 48.Rb5+ Ke6 49.Rb7 Rc2 50.Rxh7 e4+
51.Kg3 Rc1 52.Kf4 Rf1 53.Rh6+ Kd5 54.Kg3 Rg1+ 55.Kf4 Rf1 56.Kxf5 Rxf2+ 57.Kg5
Ra2 58.h4 Ke5 59.Rb6 Rg2+ 60.Kh6 Re2 61.a7 Ra2 62.Rb7 Kf5 63.Kg7 Kg4 64.Kf6 Kxh4
65.Kf5 Ra4 66.Kf4 Kh5 67.Kf5 Kh4 68.Re7 Kg3 69.Rxe4 Rxa7 {77 moves} 1/2-1/2

[Event "European Seniors Teams Ch."]
[Site "Olympus"]
[Date "2011.05.03"]
[Round "1"]
[Board "4"]
[White "Illi, Hans-Joerg"]
[Black "Fritsch, Juergen Dr"]
[Result "1-0"]
[WhiteElo "2141"]
[BlackElo "1979"]
[PlyCount "81"]
[EventDate "2011.05.03"]
[EventType "team"]
[EventRounds "9"]
[EventCountry "GRE"]
[WhiteTeam "Switzerland"]
[BlackTeam "Freibauer"]

1.d4 d5 2.Nf3 Bf5 3.Bf4 e6 4.c3 c6 5.e3 Nd7 6.Qb3 Qb6 7.Be2 Bxb1 8.Rxb1 Qxb3
9.axb3 Ngf6 10.Ra1 a6 11.b4 Rc8 12.Nd2 Be7 13.Nb3 Bd8 14.Nc5 Nxc5 15.bxc5 Bc7
16.Bxc7 Rxc7 17.b4 Ke7 18.f3 h6 19.h4 Rg8 20.h5 Nd7 21.e4 f6 22.Bd3 e5 23.exd5
cxd5 24.Kd2 Rd8 25.Rhe1 Kf8 26.b5 axb5 27.Bxb5 Nxc5 28.dxc5 Rxc5 29.Bd3 d4 30.c4
Ke7 31.Ra7 Rb8 32.Rb1 Rc7 33.Rb4 Kd6 34.Rb6+ Kc5 35.Re6 Rc6 36.Ra5+ Kb6 37.Rb5+
Ka7 38.Re7 Ra6 39.Rb2 Ra1 40.Rxg7 Rh1 41.c5 1-0

[Event "European Seniors Teams Ch."]
[Site "Olympus"]
[Date "2011.05.04"]
[Round "2"]
[Board "1"]
[White "Vasiukov, Evgeni"]
[Black "Pritchett, Craig W"]
[Result "0-1"]
[WhiteElo "2480"]
[BlackElo "2327"]
[PlyCount "94"]
[EventDate "2011.05.03"]
[EventType "team"]
[EventRounds "9"]
[EventCountry "GRE"]
[WhiteTeam "Russia"]
[BlackTeam "Scotland"]

1.e4 c5 2.Nf3 e6 3.c4 Nc6 4.Nc3 Nf6 5.d4 cxd4 6.Nxd4 d6 7.Be2 Be7 8.O-O O-O
9.Be3 Bd7 10.Ndb5 Qb8 11.f4 Rd8 12.Rc1 Be8 13.Bf3 a6 14.Na3 b6 15.Qe2 Rc8
16.Rfd1 Ra7 17.Kh1 Nd7 18.g4 Rac7 19.g5 Na5 20.Ncb1 Nc6 21.b3 b5 22.Qd2 b4
23.Nc2 Nc5 24.Qe2 a5 25.Nd2 a4 26.Rb1 axb3 27.axb3 Ra7 28.h4 Ra2 29.Rdc1 Na5
30.Kg2 Bc6 31.Kg3 Qb7 32.Bxc5 dxc5 33.e5 Rd8 34.Bxc6 Nxc6 35.Nf3 Nd4 36.Nfxd4
cxd4 37.Rd1 Bc5 38.Rd3 g6 39.Rg1 Rb2 40.Qg2 Qa7 41.Rc1 Qa2 42.Kg4 Rxb3 43.Ra1
Qxa1 44.Nxa1 Rxd3 45.Qc6 Bf8 46.c5 Rc3 47.Qb6 Ra8 0-1

[Event "European Seniors Teams Ch."]
[Site "Olympus"]
[Date "2011.05.04"]
[Round "2"]
[Board "2"]
[White "Jamieson, Peter M"]
[Black "Shvedchikov, Anatoli I"]
[Result "0-1"]
[WhiteElo "2277"]
[BlackElo "2412"]
[PlyCount "112"]
[EventDate "2011.05.03"]
[EventType "team"]
[EventRounds "9"]
[EventCountry "GRE"]
[WhiteTeam "Scotland"]
[BlackTeam "Russia"]

1.d4 Nf6 2.c4 c6 3.Nf3 d5 4.Nc3 dxc4 5.a4 e6 6.e3 c5 7.Bxc4 cxd4 8.exd4 Nc6
9.O-O Be7 10.Be3 O-O 11.Qe2 Nb4 12.Rfd1 b6 13.Ne5 Bb7 14.Bf4 Nbd5 15.Bg3 a6
16.Rac1 Re8 17.h3 g6 18.Nxd5 Nxd5 19.Qf3 Rf8 20.Bf4 Kg7 21.Ng4 Bg5 22.Bxg5 Qxg5
23.Qe4 Rac8 24.Qe5+ Qxe5 25.dxe5 Nf4 26.Bf1 Nd5 27.g3 h5 28.Nh2 Nb4 29.Bg2 Bxg2
30.Kxg2 Rxc1 31.Rxc1 Nd3 32.Rc6 Rb8 33.b3 Nxe5 34.Rd6 Rb7 35.Nf3 Nxf3 36.Kxf3
Kf6 37.Ke4 Ke7 38.Rc6 Kd7 39.Rc3 f6 40.f4 Rc7 41.Rd3+ Ke7 42.g4 Rc5 43.Kf3 a5
44.Ke4 h4 45.Rf3 Kd6 46.Rd3+ Rd5 47.Rf3 Rd1 48.Ke3 Kd5 49.Ke2 Rd4 50.Ke3 Rb4
51.Kf2 f5 52.gxf5 gxf5 53.Ke2 Ke4 54.Kf2 b5 55.axb5 Rxb5 56.Ke2 Rb6 0-1

[Event "European Seniors Teams Ch."]
[Site "Olympus"]
[Date "2011.05.04"]
[Round "2"]
[Board "3"]
[White "Pushkov, Nikolai"]
[Black "White, Alastair F"]
[Result "1-0"]
[WhiteElo "2406"]
[BlackElo "2102"]
[PlyCount "75"]
[EventDate "2011.05.03"]
[EventType "team"]
[EventRounds "9"]
[EventCountry "GRE"]
[WhiteTeam "Russia"]
[BlackTeam "Scotland"]

1.d4 d6 2.Nf3 g6 3.c4 Bg7 4.Nc3 Nd7 5.e4 e5 6.Be2 Ngf6 7.O-O O-O 8.Re1 c6 9.Bf1
Re8 10.d5 c5 11.Rb1 h6 12.a3 Nf8 13.b4 b6 14.bxc5 bxc5 15.Bd2 g5 16.Qa4 Bg4
17.Be2 Ng6 18.g3 Bd7 19.Qa6 g4 20.Nh4 Nxh4 21.gxh4 Nh5 22.Bf1 Bf8 23.Nb5 Nf4
24.Ba5 Bxb5 25.Rxb5 Qxh4 26.Re3 Be7 27.Rb7 Bg5 28.Rg3 Nh5 29.Qxd6 Nxg3 30.hxg3
Qh5 31.Qxc5 Qg6 32.Bd3 h5 33.d6 h4 34.d7 Rf8 35.Qxe5 hxg3 36.Qxg3 Be7 37.Rb5 a6
38.Rf5 1-0

[Event "European Seniors Teams Ch."]
[Site "Olympus"]
[Date "2011.05.04"]
[Round "2"]
[Board "4"]
[White "Borwell, Alan P"]
[Black "Mishuchkov, Nikolai M"]
[Result "0-1"]
[WhiteElo "2056"]
[BlackElo "2403"]
[PlyCount "68"]
[EventDate "2011.05.03"]
[EventType "team"]
[EventRounds "9"]
[EventCountry "GRE"]
[WhiteTeam "Scotland"]
[BlackTeam "Russia"]

1.e4 c5 2.b3 Nc6 3.Bb2 d6 4.Bb5 Bd7 5.d3 Qa5+ 6.Nc3 g6 7.Nge2 Bg7 8.O-O Nh6
9.Qc1 O-O 10.Bxc6 Bxc6 11.Nd5 Rae8 12.Bxg7 Kxg7 13.Ng3 Bxd5 14.exd5 Qc3 15.Ne2
Qe5 16.Nf4 Ng4 17.h3 Nf6 18.Re1 Qf5 19.g4 Qc8 20.Qb2 h6 21.Re2 e5 22.dxe6 fxe6
23.Rae1 e5 24.Ng2 Nd5 25.c4 Nb4 26.Re3 Nc6 27.f4 Nd4 28.Kh1 exf4 29.Rxe8 Rxe8
30.Rxe8 Qxe8 31.Nxf4 Qe3 32.Qh2 Qf3+ 33.Ng2 Ne2 34.Qxd6 Qf1+ 0-1